[Event "Lanaudiere U1400"]
[Site "Repentigny CAN"]
[Date "2008.08.17"]
[Round "5"]
[White "Wang, Kelly"]
[Black "Pelosse, Jacques"]
[Result "1-0"]
[WhiteElo "1216"]
[BlackElo "1250"]
[PlyCount "63"]
[GameId "2160767910336744"]
[EventDate "2008.08.15"]
[EventType "swiss"]
[EventRounds "5"]
[EventCountry "CAN"]
[SourceTitle "FQE 05"]

1. e4 e6 2. d4 d5 3. Nc3 Bb4 4. exd5 Bxc3+ 5. bxc3 exd5 6. Ba3 Nf6 7. Nf3 Be6 8. Bd3 Nc6 9. O-O Qd7 10. Rb1 b6 11. Ba6 Ne7 12. Bb5 c6 13. Ne5 Qc7 14. Bxe7 cxb5 15. Bxf6 gxf6 16. Nf3 Rg8 17. Kh1 Qxc3 18. Rxb5 Kd7 19. Rb3 Qc7 20. Qd3 Bg4 21. Qxh7 Raf8 22. Qd3 Rh8 23. Qb5+ Kc8 24. g3 Bxf3+ 25. Rxf3 Rh3 26. Rxf6 Rfh8 27. Rc6 Rxh2+ 28. Kg1 Rh1+ 29. Kg2 R8h2+ 30. Kf3 Rxf1 31. Rxc7+ Kxc7 32. Qxf1 1-0

[Event "Lanaudiere U1800"]
[Site "Repentigny CAN"]
[Date "2008.08.15"]
[Round "1"]
[White "Belanger, Christopher"]
[Black "Joanis, Marc-Andre"]
[Result "1/2-1/2"]
[WhiteElo "1461"]
[BlackElo "1634"]
[PlyCount "47"]
[GameId "2160767910336745"]
[EventDate "2008.08.15"]
[EventType "swiss"]
[EventRounds "5"]
[EventCountry "CAN"]

1. e4 c6 2. f4 d5 3. e5 c5 4. d4 cxd4 5. Qxd4 Nc6 6. Bb5 e6 7. Nf3 Bd7 8. Bxc6 Bxc6 9. O-O Nh6 10. Nc3 Qa5 11. Qd1 Bc5+ 12. Kh1 Qb6 13. Nh4 O-O-O 14. a3 f6 15. b4 Be7 16. Nf3 Nf5 17. Re1 d4 18. Ne2 Bxf3 19. gxf3 Kb8 20. Qd3 fxe5 21. fxe5 Qc6 22. Bd2 Ne3 23. Nxd4 Rxd4 24. Qxd4 1/2-1/2

[Event "Lanaudiere U1800"]
[Site "Repentigny CAN"]
[Date "2008.08.15"]
[Round "1"]
[White "Blanchette, Rene"]
[Black "Cote, Etienne"]
[Result "0-1"]
[WhiteElo "1626"]
[BlackElo "1439"]
[PlyCount "83"]
[GameId "2160767910336746"]
[EventDate "2008.08.15"]
[EventType "swiss"]
[EventRounds "5"]
[EventCountry "CAN"]
[SourceTitle "FQE 05"]

1. Nf3 Nf6 2. b3 d5 3. e3 g6 4. Bb2 Bg7 5. Be2 O-O 6. O-O c5 7. d3 b6 8. Nbd2 Bb7 9. c4 Nc6 10. cxd5 Nxd5 11. Bxg7 Kxg7 12. Qc2 e5 13. Qb2 f6 14. Rfd1 Qe7 15. Rac1 Rad8 16. a3 Nc7 17. Ne4 Ne6 18. Ng3 Rh8 19. Rc4 h5 20. Nh4 Qd7 21. Qb1 Qf7 22. Qb2 Qd7 23. Qc2 Qf7 24. Bf3 Ng5 25. Be2 Ba6 26. Ra4 Bb5 27. Rc4 Bxc4 28. dxc4 Rxd1+ 29. Bxd1 Rd8 30. Be2 Ne7 31. f4 exf4 32. exf4 Nh7 33. Bf3 f5 34. Ne2 Qf6 35. g3 Qa1+ 36. Kf2 Qxa3 37. Ng2 Qa1 38. Ne3 Nf6 39. h3 Qa5 40. Qb2 Re8 41. Nc3 Kf7 42. Nb5 0-1

[Event "Lanaudiere U1800"]
[Site "Repentigny CAN"]
[Date "2008.08.15"]
[Round "1"]
[White "Breton, Yves"]
[Black "Trottier, Emile"]
[Result "1/2-1/2"]
[WhiteElo "1437"]
[BlackElo "1603"]
[PlyCount "66"]
[GameId "2160767910336747"]
[EventDate "2008.08.15"]
[EventType "swiss"]
[EventRounds "5"]
[EventCountry "CAN"]
[SourceTitle "FQE 05"]

1. c4 e6 2. g3 f5 3. Bg2 Nf6 4. Nf3 d5 5. O-O c6 6. d3 Bd6 7. Nc3 O-O 8. Qc2 Bd7 9. e4 Bb4 10. cxd5 Bxc3 11. Qxc3 fxe4 12. dxe4 Nxe4 13. Qb4 exd5 14. Qxb7 Qb6 15. Qxb6 axb6 16. Ne5 Bc8 17. Bxe4 dxe4 18. Be3 c5 19. b4 cxb4 20. Bxb6 Nd7 21. Nxd7 Bxd7 22. Bc5 Rfb8 23. Rab1 Rxa2 24. Rxb4 Rxb4 25. Bxb4 Bg4 26. Rc1 Bf3 27. h3 h5 28. Re1 Kf7 29. g4 hxg4 30. hxg4 Ra4 31. Bd2 Rd4 32. Be3 Rd1 33. Rxd1 Bxd1 1/2-1/2

[Event "Lanaudiere U1800"]
[Site "Repentigny CAN"]
[Date "2008.08.15"]
[Round "1"]
[White "Deschenes, Marc-Andre"]
[Black "Valiquette, Simon"]
[Result "0-1"]
[WhiteElo "1799"]
[BlackElo "1538"]
[PlyCount "49"]
[GameId "2160767910336748"]
[EventDate "2008.08.15"]
[EventType "swiss"]
[EventRounds "5"]
[EventCountry "CAN"]
[SourceTitle "FQE 05"]

1. e4 c5 2. Nf3 e6 3. d4 cxd4 4. Nxd4 Nf6 5. Bd3 Bc5 6. Nb3 Bb6 7. Nc3 Nc6 8. Bf4 d5 9. exd5 Nxd5 10. Nxd5 Qxd5 11. O-O e5 12. Qe2 O-O 13. Rad1 Qe6 14. Bc4 Qf6 15. Be3 Bc7 16. Bc5 Re8 17. Rd2 Qg6 18. Kh1 Bf5 19. Rfd1 e4 20. h3 Qh6 21. Bd6 Bxh3 22. gxh3 Qxh3+ 23. Kg1 Ne5 24. Bxe5 Rxe5 25. Bxf7+ 0-1

[Event "Lanaudiere U1800"]
[Site "Repentigny CAN"]
[Date "2008.08.15"]
[Round "1"]
[White "Furger, Josef"]
[Black "Martin, Robert"]
[Result "0-1"]
[WhiteElo "1245"]
[BlackElo "1554"]
[PlyCount "136"]
[GameId "2160767910336749"]
[EventDate "2008.08.15"]
[EventType "swiss"]
[EventRounds "5"]
[EventCountry "CAN"]

1. f4 d5 2. Nf3 Nf6 3. e3 e6 4. Be2 Bd6 5. O-O O-O 6. a3 c5 7. d4 b6 8. Ne5 Nbd7 9. Bf3 Ba6 10. Re1 Rc8 11. c3 cxd4 12. exd4 Qc7 13. Nd2 Rfe8 14. Be2 Bxe2 15. Qxe2 Nf8 16. g3 N6d7 17. Ndf3 f6 18. Ng4 Ng6 19. Qg2 h5 20. Nf2 h4 21. Qh3 hxg3 22. hxg3 Kf7 23. Qf1 Rh8 24. Qe2 Rce8 25. Qd2 Ne7 26. g4 Ng6 27. Nd3 Rh3 28. Qg2 Reh8 29. Be3 Bxf4 30. Nxf4 Nxf4 31. Bxf4 Qxf4 32. Rf1 Qe3+ 33. Rf2 Rh1+ 34. Qxh1 Rxh1+ 35. Kxh1 Qxf2 36. Ng1 Qxb2 37. Rf1 Qxc3 38. Nf3 Qxa3 39. g5 Qd3 40. Kg2 Qe4 41. Kg3 a5 42. gxf6 Qg6+ 43. Kf2 gxf6 44. Ke3 Qe4+ 45. Kd2 a4 46. Ng5+ Ke7 47. Nxe4 dxe4 48. Ke3 f5 49. Kf4 Kd6 50. Rb1 Kc6 51. Rc1+ Kd5 52. Rb1 Kxd4 53. Rd1+ Kc4 54. Rxd7 b5 55. Ke3 a3 56. Rd2 Kc3 57. Re2 b4 58. Kf4 b3 59. Ke3 b2 60. Re1 a2 61. Kf4 b1=Q 62. Re3+ Qd3 63. Re1 Qd2+ 64. Re3+ Kd4 65. Kg5 Qxe3+ 66. Kf6 Kd5 67. Kg6 a1=Q 68. Kh5 Qg3 0-1

[Event "Lanaudiere U1800"]
[Site "Repentigny CAN"]
[Date "2008.08.15"]
[Round "1"]
[White "Piche, Guy"]
[Black "Dumont, Felix"]
[Result "1-0"]
[WhiteElo "1682"]
[BlackElo "1510"]
[PlyCount "58"]
[GameId "2160767910336750"]
[EventDate "2008.08.15"]
[EventType "swiss"]
[EventRounds "5"]
[EventCountry "CAN"]
[SourceTitle "FQE 05"]

1. f4 d5 2. e3 g6 3. Nf3 Bg7 4. d4 Nf6 5. c4 Bf5 6. Nc3 O-O 7. Qb3 b6 8. cxd5 Ne4 9. Bc4 Nd7 10. Ne5 Bxe5 11. fxe5 e6 12. O-O Nxc3 13. bxc3 Re8 14. e4 exd5 15. Bxd5 Be6 16. c4 Bxd5 17. cxd5 Qh4 18. Qf3 f6 19. e6 Nb8 20. g3 Qh5 21. Qxf6 g5 22. Qf7+ Qxf7 23. exf7+ Kf8 24. fxe8=Q+ Kxe8 25. Bxg5 Na6 26. a3 Kd7 27. Rf7+ Kc8 28. Rf8+ Kb7 29. Rxa8 Kxa8 1-0

[Event "Lanaudiere U1800"]
[Site "Repentigny CAN"]
[Date "2008.08.16"]
[Round "2"]
[White "Beladel, Brahim"]
[Black "Belanger, Christopher"]
[Result "1-0"]
[WhiteElo "1725"]
[BlackElo "1461"]
[PlyCount "31"]
[GameId "2160767910336751"]
[EventDate "2008.08.15"]
[EventType "swiss"]
[EventRounds "5"]
[EventCountry "CAN"]
[SourceTitle "FQE 05"]

1. e4 e5 2. Nf3 Nc6 3. Bb5 Bc5 4. c3 f5 5. Bxc6 dxc6 6. Nxe5 Qh4 7. O-O fxe4 8. Qb3 Nh6 9. d4 Bd6 10. f3 Rf8 11. Bxh6 Qxh6 12. Na3 Qe3+ 13. Kh1 Qf4 14. Nac4 Be6 15. Nxd6+ Ke7 16. Qxb7 1-0

[Event "Lanaudiere U1800"]
[Site "Repentigny CAN"]
[Date "2008.08.16"]
[Round "2"]
[White "Bergeron, Roland"]
[Black "Blanchette, Rene"]
[Result "0-1"]
[WhiteElo "1422"]
[BlackElo "1626"]
[PlyCount "82"]
[GameId "2160767910336752"]
[EventDate "2008.08.15"]
[EventType "swiss"]
[EventRounds "5"]
[EventCountry "CAN"]
[SourceTitle "FQE 05"]

1. e4 Nf6 2. d3 d5 3. e5 Nfd7 4. d4 e6 5. Nf3 c5 6. c3 Nc6 7. Bb5 Be7 8. O-O O-O 9. Be3 cxd4 10. cxd4 f6 11. Bxc6 bxc6 12. Qc2 Ba6 13. Qxc6 Bxf1 14. Qxe6+ Kh8 15. Kxf1 Nb6 16. Nc3 Bb4 17. Rc1 Qc8 18. Qxc8 Raxc8 19. Ke2 Bxc3 20. Rxc3 Rxc3 21. bxc3 Rc8 22. Kd3 Kg8 23. exf6 gxf6 24. Nh4 Na4 25. Bd2 Nb2+ 26. Kc2 Nc4 27. Nf5 Kf7 28. f3 Rb8 29. Bc1 Re8 30. Kd1 Re6 31. g4 Ra6 32. h4 Rxa2 33. h5 Rf2 34. f4 a5 35. Ne3 Nxe3+ 36. Bxe3 Rg2 37. g5 Ke6 38. h6 a4 39. Kc1 Kf5 40. Kb1 fxg5 41. fxg5 Ke4 0-1

[Event "Lanaudiere U1800"]
[Site "Repentigny CAN"]
[Date "2008.08.16"]
[Round "2"]
[White "Joanis, Marc-Andre"]
[Black "Bolduc, Jacques"]
[Result "1-0"]
[WhiteElo "1634"]
[BlackElo "1383"]
[PlyCount "134"]
[GameId "2160767910336753"]
[EventDate "2008.08.15"]
[EventType "swiss"]
[EventRounds "5"]
[EventCountry "CAN"]

1. Nf3 c5 2. c4 Nc6 3. g3 g6 4. Bg2 Bg7 5. O-O e6 6. Nc3 Nge7 7. d3 O-O 8. Bd2 d5 9. cxd5 Nxd5 10. Qc1 Re8 11. a3 Rb8 12. Re1 Bd7 13. Rb1 Nce7 14. h4 h5 15. Ng5 Bc6 16. Nxd5 Bxd5 17. Bc3 Bxg2 18. Kxg2 b6 19. Bxg7 Kxg7 20. Qc3+ Qd4 21. Qxd4+ cxd4 22. Rec1 Rbc8 23. Kf3 e5 24. Ne4 Red8 25. Ng5 Kf6 26. Ke4 Nc6 27. Rc2 Rc7 28. Rbc1 Rdc8 29. b4 a6 30. a4 b5 31. axb5 axb5 32. Rc5 Ke7 33. Kf3 f6 34. Ne4 f5 35. Nd2 Kd6 36. Rxb5 e4+ 37. Kg2 exd3 38. exd3 Ne5 39. Rxc7 Rxc7 40. Nf3 Nxd3 41. Nxd4 Rc4 42. Nxf5+ gxf5 43. Rxf5 Rxb4 44. Rxh5 Rb2 45. Rf5 Ke6 46. Rf8 Ke7 47. Rf5 Ke6 48. g4 Ne5 49. Kg3 Rb4 50. f3 Ng6 51. h5 Ne7 52. Rf4 Rb8 53. Kh4 Rh8 54. Kg3 Rg8 55. h6 Ng6 56. Ra4 Rh8 57. g5 Kf7 58. f4 Ne7 59. Kg4 Kg6 60. Ra6+ Kf7 61. f5 Rd8 62. g6+ Kg8 63. Kg5 Rf8 64. f6 Nxg6 65. Kxg6 Kh8 66. Ra7 Rg8+ 67. Rg7 Rf8 1-0

[Event "Lanaudiere U1800"]
[Site "Repentigny CAN"]
[Date "2008.08.16"]
[Round "2"]
[White "Luo, Zhao Yang"]
[Black "Breton, Yves"]
[Result "0-1"]
[WhiteElo "1638"]
[BlackElo "1437"]
[PlyCount "84"]
[GameId "2160767910336754"]
[EventDate "2008.08.15"]
[EventType "swiss"]
[EventRounds "5"]
[EventCountry "CAN"]
[SourceTitle "FQE 05"]

1. d4 Nf6 2. c4 e6 3. Nf3 b6 4. Nc3 Bb4 5. Qc2 Bb7 6. Bd2 O-O 7. e3 d5 8. cxd5 Nxd5 9. Bd3 h6 10. h4 Nxc3 11. Bxc3 Be7 12. O-O-O Nd7 13. Rdg1 c5 14. Rh3 cxd4 15. exd4 Rc8 16. Rg3 Nf6 17. Ng5 Nd5 18. Bh7+ Kh8 19. Bg8 Bxg5+ 20. hxg5 Rxg8 21. gxh6 g6 22. Qd2 Nxc3 23. bxc3 Qd5 24. Rf3 Rc7 25. Qf4 Qxa2 26. Qe5+ Kh7 27. Qxc7 Bxf3 28. Qxf7+ Kh8 29. Qf6+ Kh7 30. Qe7+ Kxh6 31. Qh4+ Bh5 32. Qf4+ Kh7 33. Re1 Qa1+ 34. Kd2 Qb2+ 35. Kd3 Qb5+ 36. Kd2 Qf5 37. Qd6 Qxf2+ 38. Kc1 Qxe1+ 39. Kb2 Qd2+ 40. Kb3 Bd1+ 41. Kb4 Qb2+ 42. Kc4 Be2# 0-1

[Event "Lanaudiere U1800"]
[Site "Repentigny CAN"]
[Date "2008.08.16"]
[Round "2"]
[White "Martin, Robert"]
[Black "Gelet, Seymour"]
[Result "1/2-1/2"]
[WhiteElo "1554"]
[BlackElo "1642"]
[PlyCount "88"]
[GameId "2160767910336755"]
[EventDate "2008.08.15"]
[EventType "swiss"]
[EventRounds "5"]
[EventCountry "CAN"]
[SourceTitle "hb 2016"]

1. d4 d5 2. c4 e6 3. Nc3 Nf6 4. Nf3 Be7 5. Bf4 c6 6. e3 O-O 7. Qc2 Nbd7 8. h3 Re8 9. Bd3 dxc4 10. Bxc4 Nd5 11. Nxd5 exd5 12. Bd3 Nf6 13. O-O Bd6 14. Bg5 h6 15. Bh4 g5 16. Bg3 Bxg3 17. fxg3 Rxe3 18. Ne5 Qb6 19. Bh7+ Kg7 20. Rxf6 Rxe5 21. Rxf7+ Kxf7 22. Qg6+ Ke7 23. Qg7+ Kd8 24. Qxe5 Qb4 25. Rf1 Qe7 26. Qh8+ Kc7 27. Bg6 Qe3+ 28. Kh2 g4 29. Rf7+ Kb6 30. hxg4 Qe6 31. Qd8+ Ka6 32. Rf3 b6 33. Ra3+ Kb7 34. Bf5 Qf7 35. Bxc8+ Rxc8 36. Rxa7+ Kxa7 37. Qxc8 Qg6 38. Qf5 Qd6 39. g5 hxg5 40. Qxg5 c5 41. dxc5 bxc5 42. Qf4 Qe7 43. g4 d4 44. g5 Qh7+ 1/2-1/2

[Event "Lanaudiere U1800"]
[Site "Repentigny CAN"]
[Date "2008.08.16"]
[Round "2"]
[White "Valiquette, Simon"]
[Black "Germain, Max"]
[Result "1-0"]
[WhiteElo "1539"]
[BlackElo "1597"]
[PlyCount "115"]
[GameId "2160767910336756"]
[EventDate "2008.08.15"]
[EventType "swiss"]
[EventRounds "5"]
[EventCountry "CAN"]

1. c4 c5 2. g3 e6 3. Bg2 Nc6 4. Nf3 Nf6 5. O-O Be7 6. Nc3 d6 7. d4 cxd4 8. Nxd4 Bd7 9. Ndb5 Qb8 10. Bf4 e5 11. Bg5 a6 12. Bxf6 gxf6 13. Na3 Be6 14. Nd5 Qd8 15. Nc2 Rb8 16. b4 b5 17. Nxf6+ Bxf6 18. Bxc6+ Kf8 19. cxb5 axb5 20. Na3 d5 21. Qd2 Rb6 22. Bxb5 h5 23. e4 d4 24. Bc4 Bh3 25. f4 Bxf1 26. Rxf1 Qe7 27. Nc2 Rh7 28. a4 h4 29. g4 exf4 30. h3 Qe5 31. a5 Rd6 32. Bd5 Bg5 33. Rf3 Rg7 34. b5 f5 35. gxf5 Be7+ 36. Kh2 Rxd5 37. exd5 Qxd5 38. Nxd4 Kg8 39. a6 Rg3 40. Qc3 Qa2+ 41. Nc2 Rxf3 42. Qxf3 Qxc2+ 43. Qg2+ Qxg2+ 44. Kxg2 Bc5 45. Kf3 Kg7 46. Kxf4 Kf6 47. Kg4 Bf2 48. Kf3 Bb6 49. Kf4 Bc5 50. Ke4 Bf2 51. Kd5 Kxf5 52. Kc6 Kf4 53. b6 Kg3 54. a7 Kxh3 55. a8=Q Bg3 56. Qa2 Kg4 57. Qg2 h3 58. Qh1 1-0

[Event "Lanaudiere U1800"]
[Site "Repentigny CAN"]
[Date "2008.08.16"]
[Round "3"]
[White "Blanchette, Rene"]
[Black "Miron, Gilles"]
[Result "1-0"]
[WhiteElo "1626"]
[BlackElo "1393"]
[PlyCount "37"]
[GameId "2160767910336757"]
[EventDate "2008.08.15"]
[EventType "swiss"]
[EventRounds "5"]
[EventCountry "CAN"]
[SourceTitle "FQE 05"]

1. e4 e6 2. d4 d5 3. Nc3 Bb4 4. e5 c5 5. a3 Bxc3+ 6. bxc3 cxd4 7. cxd4 Ne7 8. a4 O-O 9. Nf3 Nbc6 10. Ba3 Re8 11. Bd3 Nf5 12. O-O Nh4 13. c3 a6 14. Nxh4 Qxh4 15. g3 Qd8 16. Qh5 h6 17. f4 f5 18. exf6 Qd7 19. Qg6 1-0

[Event "Lanaudiere U1800"]
[Site "Repentigny CAN"]
[Date "2008.08.16"]
[Round "3"]
[White "Breton, Yves"]
[Black "Duplessis, Jean-Roch"]
[Result "1/2-1/2"]
[WhiteElo "1437"]
[BlackElo "1621"]
[PlyCount "85"]
[GameId "2160767910336758"]
[EventDate "2008.08.15"]
[EventType "swiss"]
[EventRounds "5"]
[EventCountry "CAN"]

1. c4 d5 2. cxd5 Nf6 3. Qa4+ Bd7 4. Qb3 Qc8 5. Nc3 e6 6. Nf3 Be7 7. Ne5 exd5 8. Nxd7 Nbxd7 9. Nxd5 Nxd5 10. Qxd5 c6 11. Qf5 Qc7 12. d4 Bb4+ 13. Bd2 Bxd2+ 14. Kxd2 O-O 15. e3 a5 16. Bd3 g6 17. Qh3 a4 18. Rac1 Qd6 19. Ke2 Rfe8 20. Rhd1 Nf6 21. Kf1 Ra5 22. Rc2 Rh5 23. Qg3 Qd7 24. h3 Ne4 25. Bxe4 Rxe4 26. Qf3 Qf5 27. Qxf5 Rxf5 28. Rc5 Rxc5 29. dxc5 Rc4 30. Rd4 Rxc5 31. Ke2 Rc2+ 32. Rd2 Rc5 33. Kd3 Kf8 34. Rc2 Rxc2 35. Kxc2 Ke7 36. Kc3 Kd6 37. Kb4 b5 38. e4 h6 39. a3 f6 40. f4 g5 41. g3 h5 42. h4 g4 43. Kc3 1/2-1/2

[Event "Lanaudiere U1800"]
[Site "Repentigny CAN"]
[Date "2008.08.16"]
[Round "3"]
[White "Chesnut, Walter"]
[Black "Beladel, Brahim"]
[Result "0-1"]
[WhiteElo "1583"]
[BlackElo "1725"]
[PlyCount "80"]
[GameId "2160767910336759"]
[EventDate "2008.08.15"]
[EventType "swiss"]
[EventRounds "5"]
[EventCountry "CAN"]

1. d4 Nf6 2. Nf3 d5 3. c4 e6 4. a3 Be7 5. Nc3 O-O 6. Bg5 h6 7. Bh4 c6 8. e3 Nbd7 9. Bd3 dxc4 10. Bxc4 b5 11. Bd3 Bb7 12. O-O a6 13. e4 c5 14. e5 Nd5 15. Bxe7 Qxe7 16. Nxd5 Bxd5 17. Re1 cxd4 18. b4 Rfd8 19. Be4 Nb6 20. Qxd4 Nc4 21. Qc3 Rac8 22. Bxd5 Rxd5 23. Rad1 Rcd8 24. Rxd5 Rxd5 25. a4 Qd7 26. axb5 axb5 27. Qa1 Rd3 28. Qa8+ Kh7 29. Qe4+ g6 30. h3 Rb3 31. Nh2 h5 32. g4 Rxh3 33. gxh5 Rxh5 34. Ng4 Rg5 35. Kh2 Kg7 36. Nf6 Qd2 37. Qh4 Rxe5 38. Ne8+ Kf8 39. Qh8+ Ke7 40. Rxe5 Qxf2+ 0-1

[Event "Lanaudiere U1800"]
[Site "Repentigny CAN"]
[Date "2008.08.16"]
[Round "3"]
[White "Deschenes, Marc-Andre"]
[Black "Martin, Robert"]
[Result "1-0"]
[WhiteElo "1799"]
[BlackElo "1554"]
[PlyCount "87"]
[GameId "2160767910336760"]
[EventDate "2008.08.15"]
[EventType "swiss"]
[EventRounds "5"]
[EventCountry "CAN"]
[SourceTitle "hb 2016"]

1. e4 e5 2. Bc4 Nf6 3. d3 Bc5 4. c3 O-O 5. Nf3 Nc6 6. O-O d6 7. Nbd2 Bg4 8. Re1 a6 9. Bb3 Qd7 10. Nf1 Rad8 11. Be3 Bxe3 12. Nxe3 Be6 13. Bc2 Ne7 14. d4 Ng6 15. dxe5 Nxe5 16. Nd4 g6 17. f4 Bg4 18. Nxg4 Nexg4 19. h3 Nh6 20. g4 Nhxg4 21. hxg4 Nxg4 22. Qf3 h5 23. Rad1 Qe7 24. Qg3 c5 25. Nf3 b5 26. f5 Ne5 27. Nxe5 Qxe5 28. Qxe5 dxe5 29. Rxd8 Rxd8 30. Rd1 Rxd1+ 31. Bxd1 h4 32. Be2 Kg7 33. fxg6 Kxg6 34. Kg2 f5 35. Kf3 c4 36. a3 Kg5 37. exf5 Kxf5 38. Bf1 e4+ 39. Ke3 Ke5 40. Bg2 Kd5 41. Bxe4+ Kc5 42. Kf4 a5 43. Kg4 b4 44. a4 1-0

[Event "Lanaudiere U1800"]
[Site "Repentigny CAN"]
[Date "2008.08.16"]
[Round "3"]
[White "Eddouri, Hmida"]
[Black "Luo, Zhao Yang"]
[Result "1/2-1/2"]
[WhiteElo "1382"]
[BlackElo "1638"]
[PlyCount "131"]
[GameId "2160767910336761"]
[EventDate "2008.08.15"]
[EventType "swiss"]
[EventRounds "5"]
[EventCountry "CAN"]

1. e4 c6 2. d4 d5 3. e5 Bf5 4. Nf3 e6 5. c4 Nd7 6. Nc3 Qc7 7. Be2 Rd8 8. c5 b6 9. b4 a5 10. a3 Ra8 11. Bf4 Ne7 12. Rc1 Ng6 13. Bg3 b5 14. O-O Be7 15. h3 O-O 16. Bd3 Bxd3 17. Qxd3 axb4 18. axb4 Ra3 19. Nxb5 Rxd3 20. Nxc7 Ra3 21. b5 Rc8 22. b6 Bd8 23. Ne8 Rb8 24. Ra1 Rxa1 25. Rxa1 Bxb6 26. cxb6 Rxe8 27. b7 Rb8 28. Ra8 Kf8 29. Nd2 Ke7 30. Ra7 Kd8 31. Nb3 Kc7 32. Na5 c5 33. Ra6 cxd4 34. Rc6+ Kd8 35. f4 h5 36. Bf2 Nxf4 37. Rd6 Ke8 38. Kf1 Nxe5 39. Bxd4 Nc4 40. Ba7 Nxd6 41. Bxb8 Nxb7 42. Nxb7 Ng6 43. Ba7 Kd7 44. Bd4 e5 45. Bb2 d4 46. Ke2 Nf4+ 47. Kf3 f6 48. Bxd4 Nxg2 49. Kxg2 exd4 50. Kf3 Kc6 51. Nd8+ Kd5 52. Ke2 g5 53. Nf7 Ke4 54. Nd6+ Kf4 55. Nb5 Kg3 56. Nxd4 Kxh3 57. Kf2 g4 58. Nf5 h4 59. Ne3 g3+ 60. Kg1 g2 61. Nxg2 f5 62. Kf2 Kg4 63. Ne3+ Kf4 64. Nxf5 Kxf5 65. Kf3 Kg5 66. Kg2 1/2-1/2

[Event "Lanaudiere U1800"]
[Site "Repentigny CAN"]
[Date "2008.08.16"]
[Round "3"]
[White "Gelet, Seymour"]
[Black "Joanis, Marc-Andre"]
[Result "1-0"]
[WhiteElo "1642"]
[BlackElo "1634"]
[PlyCount "59"]
[GameId "2160767910336762"]
[EventDate "2008.08.15"]
[EventType "swiss"]
[EventRounds "5"]
[EventCountry "CAN"]

1. d4 Nf6 2. c4 e6 3. Nc3 Bb4 4. e3 b6 5. Nf3 Bb7 6. Bd3 O-O 7. Bd2 c5 8. Rc1 d6 9. a3 Bxc3 10. Bxc3 Nbd7 11. Bb1 Qe7 12. O-O Ne4 13. b4 Nxc3 14. Rxc3 cxb4 15. axb4 e5 16. Qc2 f5 17. d5 a5 18. Qb3 axb4 19. Qxb4 g5 20. g3 g4 21. Nh4 f4 22. Nf5 Rxf5 23. Bxf5 f3 24. Bxg4 e4 25. Be6+ Kh8 26. Ra3 Rf8 27. Ra7 Nc5 28. Qxb6 Rf6 29. Rb1 Qg7 30. Rxb7 1-0

[Event "Lanaudiere U1800"]
[Site "Repentigny CAN"]
[Date "2008.08.16"]
[Round "3"]
[White "Louis, Jean-Kenel"]
[Black "Ma, Indy"]
[Result "1-0"]
[WhiteElo "1539"]
[BlackElo "1274"]
[PlyCount "77"]
[GameId "2160767910336763"]
[EventDate "2008.08.15"]
[EventType "swiss"]
[EventRounds "5"]
[EventCountry "CAN"]

1. e4 e5 2. g3 Nf6 3. d3 Be7 4. Nf3 d6 5. Bg2 O-O 6. O-O Nc6 7. c3 Be6 8. Re1 Qd7 9. d4 exd4 10. cxd4 Bh3 11. Nc3 Bxg2 12. Kxg2 Rfe8 13. a3 a6 14. b4 b5 15. Bb2 Rad8 16. Qc2 Qg4 17. Nxb5 axb5 18. Qxc6 Qd7 19. Qc3 c6 20. Rad1 Qb7 21. Nd2 Rc8 22. Rc1 c5 23. d5 cxb4 24. Qxb4 Rxc1 25. Rxc1 Ng4 26. Nb3 Qb6 27. Bd4 Qa6 28. Rc6 Qa4 29. Rb6 Ra8 30. Bb2 Ra5 31. Rb8+ Bf8 32. Nxa5 Qc2 33. Rxf8+ Kxf8 34. Qxd6+ Ke8 35. Qb8+ Kd7 36. Qxb5+ Kd8 37. Nc6+ Kc7 38. Qb8+ Kd7 39. Qd8# 1-0

[Event "Lanaudiere U1800"]
[Site "Repentigny CAN"]
[Date "2008.08.16"]
[Round "3"]
[White "Valiquette, Simon"]
[Black "Turcotte, Jonathan"]
[Result "0-1"]
[WhiteElo "1539"]
[BlackElo "1732"]
[PlyCount "108"]
[GameId "2160767910336764"]
[EventDate "2008.08.15"]
[EventType "swiss"]
[EventRounds "5"]
[EventCountry "CAN"]
[SourceTitle "FQE 04"]

1. c4 e5 2. Nc3 Nf6 3. Nf3 Nc6 4. g3 d5 5. cxd5 Nxd5 6. Bg2 Nb6 7. O-O Be7 8. d3 O-O 9. a3 a5 10. b3 Be6 11. Bb2 f6 12. Qd2 Bxb3 13. Nh4 Qd7 14. Rfc1 Nc4 15. Bxc6 bxc6 16. Qe1 Nxb2 17. Rcb1 Nxd3 18. exd3 a4 19. Qe4 Rfd8 20. Nf5 Bf8 21. g4 Rab8 22. Nxa4 Qxd3 23. Qxd3 Rxd3 24. Nb2 Bc2 25. Nxd3 Rxb1+ 26. Rxb1 Bxb1 27. Nb4 c5 28. Nd5 c4 29. a4 Bxf5 30. gxf5 c6 31. Ne3 c3 32. a5 Bc5 33. Nc2 Kf7 34. Kf1 g6 35. fxg6+ hxg6 36. Ke2 f5 37. h4 e4 38. a6 Ke6 39. Ne1 Kd5 40. f3 Kc4 41. fxe4 fxe4 42. Kd1 Kb3 43. Kc1 e3 44. Nd3 Bb6 45. Ne1 c5 46. Nc2 c4 47. Na1+ Ka2 48. Nc2 e2 49. Ne1 Kb3 50. Nc2 Bf2 51. Kb1 e1=Q+ 52. Nxe1 Bxe1 53. a7 Bd2 54. a8=Q c2+ 0-1

[Event "Lanaudiere U1800"]
[Site "Repentigny CAN"]
[Date "2008.08.17"]
[Round "4"]
[White "Boucher, Antoni"]
[Black "Blanchette, Rene"]
[Result "1/2-1/2"]
[WhiteElo "1571"]
[BlackElo "1626"]
[PlyCount "96"]
[GameId "2160767910336765"]
[EventDate "2008.08.15"]
[EventType "swiss"]
[EventRounds "5"]
[EventCountry "CAN"]
[SourceTitle "FQE 05"]

1. d4 Nf6 2. Bg5 Ne4 3. Bf4 d5 4. e3 e6 5. Nf3 Be7 6. Bd3 Nd7 7. Nbd2 Ndf6 8. c3 O-O 9. Qc2 Nxd2 10. Qxd2 c5 11. h3 Bd7 12. O-O Rc8 13. Rfe1 Bc6 14. Ne5 c4 15. Nxc6 Rxc6 16. Bc2 Ne4 17. Qe2 f5 18. f3 Nd6 19. Qd2 Bg5 20. Re2 Bxf4 21. exf4 Qf6 22. Rae1 Re8 23. Re5 Kf7 24. Qe2 b5 25. a4 a6 26. axb5 axb5 27. Ra1 Re7 28. Qf2 Re8 29. Ree1 Qh6 30. Qg3 Qf6 31. Qf2 Rb6 32. Ra5 Rb7 33. Qe2 Reb8 34. Rea1 b4 35. Ra7 Nb5 36. Rxb7+ Rxb7 37. Qd2 bxc3 38. bxc3 Qd8 39. Ra4 Qb6 40. Rb4 Qa5 41. Ba4 Nd6 42. Rxb7+ Nxb7 43. Qb2 Nd6 44. Qb8 Qxa4 45. Qxd6 Qa1+ 46. Kh2 Qxc3 47. Qc7+ Kg6 48. Qe5 Kf7 1/2-1/2

[Event "Lanaudiere U1800"]
[Site "Repentigny CAN"]
[Date "2008.08.17"]
[Round "4"]
[White "Brule, Daniel"]
[Black "Luo, Zhao Yang"]
[Result "0-1"]
[WhiteElo "1346"]
[BlackElo "1638"]
[PlyCount "114"]
[GameId "2160767910336766"]
[EventDate "2008.08.15"]
[EventType "swiss"]
[EventRounds "5"]
[EventCountry "CAN"]

1. e4 c6 2. d4 d5 3. exd5 cxd5 4. Nc3 Nc6 5. Nf3 Nf6 6. Ne5 Qb6 7. Bb5 e6 8. a4 Bb4 9. O-O O-O 10. Ne2 Nxe5 11. dxe5 Ng4 12. Bf4 Bc5 13. Nd4 Nxf2 14. Qf3 Bxd4 15. Rxf2 Bxf2+ 16. Qxf2 Qxf2+ 17. Kxf2 a6 18. Bd3 Bd7 19. c3 b5 20. a5 Rfc8 21. Rc1 Rab8 22. b4 Rb7 23. Be3 Rbc7 24. Bd4 Rf8 25. Bc5 Rfc8 26. Ke3 h6 27. h4 f6 28. exf6 gxf6 29. Rf1 Kg7 30. Rf3 Rg8 31. g4 e5 32. Rg3 Kf7 33. Be2 Rcc8 34. Bf3 Be6 35. g5 hxg5 36. Bh5+ Kg7 37. hxg5 Kh7 38. g6+ Kh6 39. Be2 Rxg6 40. Rf3 Bg4 41. Rf2 Bxe2 42. Kxe2 Rcg8 43. Rh2+ Kg7 44. Kf3 Kf7 45. Rd2 Rg3+ 46. Ke2 Rg2+ 47. Bf2 Ke6 48. Kf1 f5 49. Rd3 R2g4 50. Rh3 e4 51. Bd4 f4 52. Rh6+ R8g6 53. Rh7 e3 54. Ra7 Kf5 55. Bb6 Rg1+ 56. Ke2 R6g2+ 57. Kf3 Rf2# 0-1